000 00295nam a22001217a 4500
008 180216b xxu||||| |||| 00| 0 eng d
041 _aeng
080 _a37
100 _a48
101 _aedu
245 _aschool improvenmrnt focusing student perfomance
_ckathleen.a f
942 _2udc
_cBK
999 _c42853
_d42853